000 00648nam a2200181Ia 4500
008 151018s9999 xx 000 0 und d
082 _bRBASDV11048
_a891.463
100 _aदुर्गा - भागवत
245 _aतामिळ लोककथा भाग पहिला
250 _b1
260 _bवरदा बुक्स
_c1976
300 _a64
600 _aदुर्गा - भागवत
630 _aतामिळ लोककथा भाग पहिला
700 _aदुर्गा - भागवत
730 _aतामिळ लोककथा भाग पहिला
942 _cBOOK
999 _c1013400
_d1013397